[Event "Penang op-B 7th"]
[Site "Penang"]
[Date "2015.12.07"]
[Round "1"]
[White "Kong, Ren Ji"]
[Black "Ang, Jing Xuan"]
[Result "1-0"]
[WhiteElo "1252"]
[BlackElo "1635"]
[PlyCount "73"]
[EventDate "2015.12.07"]
[EventType "swiss"]
[EventRounds "9"]
[EventCountry "MAS"]
[SourceTitle "CBM 170 Extra"]
[Source "ChessBase"]
[SourceDate "2016.02.25"]
[SourceVersion "1"]
[SourceVersionDate "2016.02.25"]
[SourceQuality "1"]

1. d4 Nf6 2. e3 g6 3. Nf3 Bg7 4. Bd3 d5 5. b3 0-0 6. Bb2 Nc6 7. c4 dxc4 8. bxc4 Nb4 9. Be2 Bf5 10. Nbd2 Nc2+ 11. Kf1 Nxa1 12. Qxa1 c6 13. Ne5 c5 14. d5 b5 15. Bf3 bxc4 16. Ndxc4 Rc8 17. Ke2 Be4 18. Rd1 Bxf3+ 19. Nxf3 Rc7 20. d6 exd6 21. Rxd6 Rd7 22. Bxf6 Bxf6 23. Qxf6 Rxd6 24. Qxd6 Qxd6 25. Nxd6 Rd8 26. Nc4 f6 27. h4 Kf7 28. e4 Rd4 29. Nxd4 cxd4 30. Kd3 Ke6 31. f4 f5 32. Kxd4 fxe4 33. Kxe4 Kf6 34. g4 h6 35. g5+ hxg5 36. fxg5+ Ke6 37. Ne5 1-0